| 000 | 01726cam a22002174a 4500 | ||
|---|---|---|---|
| 005 | 20250605164112.0 | ||
| 008 | 250528s ||||||||||||||||||||||||d | ||
| 035 | _a17935 | ||
| 020 | _a140124233 | ||
| 040 |
_aGR-AtMCL _bgre _dGR-AtMCL _eAACR2 |
||
| 245 | 1 | _aOrganization Theory / Selected Readings: Third Edition | |
| 250 | _a3rd | ||
| 260 |
_bPenguin Books, _c1990 |
||
| 300 | _a516 | ||
| 505 | 0 | _aIntroduction, The Structure of Organizations, Legitimate Authority and Bureaucracy, The Stratified Depth-Structure of Bureaucracy, The Structure of Complex Organization, Mechanistic and Organismic Structures, Managerial Hierarchies, Organizational Fit, Management and Decision-Making, General Principles of Management, Scientific Management, Power Failure in Management Circuits, The Science of ''Muddling Through, The Technology of Foolness, Behaviour in Organizations, Theory X and Theory Y, The Motivation-Hygiene Theory, Defensive Routines, Ceremonial Order, Acknowledgements, Author and Subject Index. | |
| 520 | _aIntroduction, The Structure of Organizations, Legitimate Authority and Bureaucracy, The Stratified Depth-Structure of Bureaucracy, The Structure of Complex Organization, Mechanistic and Organismic Structures, Managerial Hierarchies, Organizational Fit, Management and Decision-Making, General Principles of Management, Scientific Management, Power Failure in Management Circuits, The Science of ''Muddling Through, The Technology of Foolness, Behaviour in Organizations, Theory X and Theory Y, The Motivation-Hygiene Theory, Defensive Routines, Ceremonial Order, Acknowledgements, Author and Subject Index. | ||
| 700 | 1 |
_aPugh Derek S _94233 |
|
| 942 | _cBK | ||
| 999 |
_c3332 _d3332 |
||